000 00944nam a2200253Ia 4500
001 8829
003 GE_BSU
008 181216s||||||||xx |||||||||||||| ||und||
040 _cGE_BSU
080 _a821.353.1-2
100 _aერისთავი,დავით
245 _aსამშობლო
245 _bდრამა 5მოქმედებად და 7 სურათად
245 _cწინასიტყვ. ავტ. სერგო გერსამია
260 _aთბილისი
260 _bსაბჭ.მწერალი
260 _c1947
300 _a83გვ,22სმ
300 _b1ჩართ.ფურც.პორტრ.
520 _aბიბლიოგრაფია:ლიტ–რა შესავალში
653 _aდრამა 5მოქმედებად და 7 სურათად
653 _aსამშობლო
942 _cBK
999 _c42137
_d42137